LEADER 01112nam a2200253 i 4500 001 000000176804 003 CaOOAMICUS 005 20081222000000.0 008 081222s1982 it u000 u ita u 013 $a154293 040 $aSeMil$bita 100 1 $aFaggiotto, Pietro.$0(OLS)http://semarc/name/6496 245 10$aPer una metafisica dell'esperienza integrale :$bricerche e discussioni /$cPietro Faggiotto. 260 $aRimini :$bMaggioli,$c1982. 300 $a232 p. ;$c24 cm. 490 0 $aStudi di filosofia e storia della filosofia ;$v3 650 4$aMetafisica.$0(OLS)http://semarc/subject/188 650 4$aMetafisica e empirismo.$0(OLS)http://semarc/subject/33719 830 0$aStudi di filosofia e storia della filosofia ;$v3.$0(OLS)http://semarc/title/18200 850 $aSeMil 852 $aSeMil$W1$xVenegono$y1$m2P IV 508$j127624$B127624$CSeMilBibl$Z2$F138116 $81 961 $aAcquisto: Distributore 996 $6245$aPer una metafisica dell'esperienza integrale :$bricerche e discussioni$9(OLS)http://semarc/title/253867 996 $6260$aRimini :$bMaggioli$9(OLS)http://semarc/publisher/33702 LEADER 01449nam a2200301 i 4500 001 000000239709 003 CaOOAMICUS 005 20231123112646.0 008 150317s1719 ne u000 u fre u 013 $a218614 026 $adest s,en erde sede (3) 1719 (R) 040 $aSeMil$bita 100 1 $aRousset de Missy, Jean,$d<1686-1762>.$0(OLS)http://semarc/name/81478 245 10$aHistoire du cardinal Alberoni, depuis sa naissance jusqu'au commencement de l'année 1719. Par mr. J. R**. Traduit de l'espagnol. 260 $aA La Haye :$bChez la Veuve d' Adrien Moetjens,$c1719. 300 $a[8], 344 p. ;$c12º. 500 $aA c. N2r segue una lettera in italiano e relativa traduzione in francese 500 $aDi Jean Rousset de Missy, vedi BNF 500 $aSegn.: a4 A-O12 P4 600 14$aAlberoni, Giulio .$0(OLS)http://semarc/subject/42049 700 1 $aMoetjens, Adriaen$b<2.,$cEditore>.$0(OLS)http://semarc/name/11852 850 $aSeMil 852 $aSeMil$W1$xVenegono$y1$m3E I 37 FA$j190055$B190055$CSeMilBibl$Z2$F200914 $8I 941 1 $a10 961 $aRecupero: Mantegazza 996 $6245$aHistoire du cardinal Alberoni, depuis sa naissance jusqu'au commencement de l'année 1719. Par mr. J. R**. Traduit de l'espagnol$9(OLS)http://semarc/title/341377 996 $6260$aA La Haye :$bChez la Veuve d' Adrien Moetjens$9(OLS)http://semarc/publisher/54437